• 首页
  • 本馆介绍
  • 公告通知
  • 最新文献
  • 馆藏检索
  • 电子资源
  • 读者导购
  • 参考咨询
  • 我的图书馆
  • 登录
  • 详细信息显示
  • 放入我的书架
  • 预约/预借图书
  • 作者相关作品
  • 分类相关作品
  • 丛书相关作品
  • 出版社相关作品

书目信息

  • 表格格式
  • 工作单格式
  • 卡片格式
题名:
谈修养
    
 
作者: 朱光潜, 著
分册:  
出版信息: 太原   山西人民出版社  2019
页数: 278页
开本: 22cm
丛书名: 朱光潜美学名著
单 册:
中图分类: B825.4
科图分类:
主题词: 个人--ge ren--修养--少年读物
电子资源:
ISBN: 978-7-203-10619-7
000 01235nam 2200301 450
001 012001003013
005 20130124171333.0
010    @a978-7-203-10619-7@b精装@dCNY38.00
099    @aCAL 012019051832
100    @a20190403d2019 cemy0chiy50 ea
101 0  @achi
102    @aCN@b140000
105    @aa z 000yy
106    @ar
200 1  @a谈修养@Atan xiu yang@f朱光潜著
210    @a太原@c山西人民出版社@d2019
215    @a278页@c图@d22cm
225 2  @a朱光潜美学名著@Azhu guang qian mei xue ming zhu@v04
225 2  @a国民阅读经典@Aguo min yue du jing dian@e精装典藏版@i美学大师朱光潜经典作品
314    @a朱光潜, 中国现代著名的美学家、文艺理论家、教育家、翻译家。
330    @a《谈修养》是美学泰斗朱光潜先生写给青少年的人生启示录, 极富有精妙而切实的见解, 是青少年提高个人修养的必读书目之一。内容包括谈立志, 谈读书, 谈处群, 谈恻隐之心等。作者深入浅出, 娓娓道来, 为青少年答疑解惑, 指出心灵成长的方向和路径。
410  0 @12001 @a朱光潜美学名著@v04
410  0 @12001 @a国民阅读经典@i美学大师朱光潜经典作品 (精装典藏版)
606 0  @a个人@Age ren@x修养@j少年读物
690    @aB825.4@v5
701  0 @a朱光潜,@Azhu guang qian@f1897-1986@4著
801  0 @aCN@b江苏凤凰@c20191020
905    @b1216953-6@dB825.4@e1413@f4
    
    谈修养/朱光潜著.-太原:山西人民出版社,2019
    278页:图;22cm.-(朱光潜美学名著;04).-(国民阅读经典:精装典藏版.美学大师朱光潜经典作品)
    
    
    ISBN 978-7-203-10619-7(精装):CNY38.00
    《谈修养》是美学泰斗朱光潜先生写给青少年的人生启示录, 极富有精妙而切实的见解, 是青少年提高个人修养的必读书目之一。内容包括谈立志, 谈读书, 谈处群, 谈恻隐之心等。作者深入浅出, 娓娓道来, 为青少年答疑解惑, 指出心灵成长的方向和路径。
●
相关链接 在E读中查询图书 在五车中查询图书 在当当中查询图书 在豆瓣中查询图书


正题名:谈修养     索取号:B825.4/1413         预约/预借

序号 登录号 条形码 馆藏地/架位号 状态 备注
1 1216953   212169534   第一样本阅览室/ [索取号:B825.4/1413] 在馆    
2 1216954   212169543   教育系资料室/ [索取号:B825.4/1413] 在馆    
3 1216955   212169552   教育系资料室/ [索取号:B825.4/1413] 在馆    
4 1216956   212169561   第一借阅区/ [索取号:B825.4/1413] 在馆    
唐山师范学院图书馆 欢迎您!
大连网信软件有限公司© 版权所有